Fundamentos de administración financiera
Uloženo v:
| Hlavní autor: | |
|---|---|
| Médium: | Kniha |
| Jazyk: | španělština |
| Vydáno: |
Ciudad de México
Harper & Row Latinoamericana
1978
|
| Témata: | |
| Tagy: |
Přidat tag
Žádné tagy, Buďte první, kdo vytvoří štítek k tomuto záznamu!
|
MARC
| LEADER | 00000nam a2200000 a 4500 | ||
|---|---|---|---|
| 001 | UCR8654 | ||
| 003 | CL-VaPUC | ||
| 008 | 980529e19780000MX |||||||||||||||||spa|d | ||
| 082 | 0 | 4 | |a 658.15 |b GIT |2 21 |
| 100 | |a Gitman, Lawrence J |e author |9 534003 | ||
| 245 | 1 | 0 | |a Fundamentos de administración financiera |
| 300 | |a 761 p | ||
| 942 | |c BK | ||
| 945 | |d 19980529 00:00:00 |a crobeson | ||
| 260 | |a Ciudad de México |b Harper & Row Latinoamericana |c 1978 | ||
| 650 | 0 | |a Administración financiera |9 261146 | |
| 650 | 0 | |a Economía financiera |9 359635 | |
| 650 | 0 | |a Operaciones financieras |9 378395 | |
| 650 | 0 | |a Derecho y legislación |9 255077 | |
| 650 | 0 | |a Análisis financiero |9 264523 | |
| 650 | 0 | |a Capital |9 263726 | |
| 650 | 7 | |a FINANCIACION |2 CL-VaPUC |9 351156 | |
| 650 | 0 | |a Crecimiento económico |9 314037 | |
| 650 | 0 | |a Quiebra |9 255386 | |
| 583 | |a last modification |c 19980529 00:00:00 |k Rodrigo Vera | ||
| 999 | |c 270050 |d 270048 | ||
| 952 | |0 0 |1 0 |4 0 |6 658_150000000000000_GIT_1978 |7 0 |8 A |9 304165 |a BIBGIM |b BIBGIM |d 2019-11-20 |i 1403931 |l 1 |o 658.15 GIT 1978 |p 1403931 |r 2025-01-15 |s 2024-03-15 |w 2019-11-20 |y BK |k COM | ||
| 952 | |0 0 |1 0 |4 0 |6 658_150000000000000_GIT_1978 |7 0 |8 A |9 304166 |a BIBGIM |b BIBGIM |d 2019-11-20 |i 140394K |o 658.15 GIT 1978 |p 140394K |r 2025-01-15 |w 2019-11-20 |y BK |k COM | ||
| 952 | |0 0 |1 0 |4 0 |6 658_150000000000000_GIT_1978 |7 0 |8 A |9 304167 |a BIBENE |b BIBENE |d 2019-11-20 |i 1431269 |o 658.15 GIT 1978 |p 1431269 |r 2025-01-15 |w 2019-11-20 |y BK |k ICO | ||